Statistics for A-Z Cities That End in H

Click here to take the quiz!

General Stats

  • This quiz has been taken 28 times
  • The average score is 9 of 19

Answer Stats

LetterHintCity% Correct
ECapital of Scotland, second-most populous city in the constituent country (9)Edinburgh
100%
BLargest city in Somerset, England; Latin name 'Aquae Sulis' ('the waters of Sulis') (4)Bath
89%
FFifth-largest city in Texas, established in 1849 as an army outpost (9)Fort Worth
89%
PCapital of Cambodia (9)Phnom Penh
85%
CLargest city on South Island, New Zealand (12)Christchurch
74%
JCity in western Saudi Arabia, principal gateway to Mecca and Medina, the two holiest cities in Islam (6)Jeddah
74%
MFourth-largest city in Morocco, nicknamed the 'Red City' due to its red sandstone buildings (9)Marrakech
70%
RCapital of North Carolina, named after the sponsor of the Roanoke Colony, in what is today's Dare County, NC (7)Raleigh
67%
NCounty town of Norfolk, England; largest city in England after London from the Middle Ages to the Industrial Revolution (7)Norwich
56%
LCity on the Pacific coast in California, second-largest city in the Los Angeles metropolitan area (9)Long Beach
52%
SThird-largest city in the United Arab Emirates, capital of the emirate of the same name (7)Sharjah
30%
OSecond-largest city in Kyrgyzstan, oldest city in the country, major post on the ancient Silk Road (3)Osh
26%
VCity and administrative centre of the eponymous oblast in western Russia, straddling the river of the same name (8)Voronezh
22%
HSeaside city in Orange County, California (15)Huntington Beach
19%
KChief port and industrial centre of the Crimea, at the eastern end of the peninsula of the same name (5)Kerch
15%
ACapital of Uttar Pradesh, India, famous for its lock industry (7)Aligarh
7%
ICapital of the Malaysian state of Perak, third-most populous city in MalaysiaIpoh
7%
GCity in south-western Ontario, Canada, known as 'The Royal City' (6)Guelph
4%
UCity in western Uzbekistan, capital of the Khorzem Region (7)Urgench
4%

Score Distribution

Percentile by Number Answered

Percent of People with Each Score

Your Score History

You have not taken this quiz